000 01069nam a22002894c 4500
001 198431
003 SpMaBN
005 20260608224406.0
008 260608s2024 sp |||||| 000 | spa
017 _aGU 169-2025
_bOficina Depósito Legal Guadalajara
020 _a9791399113433
035 _a(OCoLC)1587477124
040 _aSpMaBN
_bspa
_cSpMaBN
_erda
100 1 _aAlcántara Sáez, Manuel
_919503
245 1 0 _aCuando la política dejó de ser lo que era
250 _aPrimera edición: octubre 2025
264 1 _bOcéano Atlántico
300 _a304 páginas
_c23 cm
336 _atexto
_2rdacontent
337 _asin mediación
_2rdamedia
338 _avolumen
_2rdacarrier
500 _aRegistro provisional. DJ-32. Depósito J
852 _aES-MaACL
_cDEPOJ
_jDJ-32
_gDedicatoria autógrafa del autor
_hDonación: Manuel Alcántara Sáez
_xEncuadernación rustica con solapas
_zEn proceso
942 _2udc
_cMONOGRAFIA
_n0
999 _c198431
_d198431